| 000 -LEADER |
| fixed length control field |
02885cam a22004454a 4500 |
| 001 - CONTROL NUMBER |
| control field |
13482815 |
| 003 - CONTROL NUMBER IDENTIFIER |
| control field |
Nust |
| 005 - DATE AND TIME OF LATEST TRANSACTION |
| control field |
20170403143515.0 |
| 008 - FIXED-LENGTH DATA ELEMENTS--GENERAL INFORMATION |
| fixed length control field |
040204s2004 njua b 001 0 eng |
| 010 ## - LIBRARY OF CONGRESS CONTROL NUMBER |
| LC control number |
2004002675 |
| 020 ## - INTERNATIONAL STANDARD BOOK NUMBER |
| International Standard Book Number |
1556426097 (alk. paper) |
| 035 ## - SYSTEM CONTROL NUMBER |
| System control number |
(DNLM)101205659 |
| 040 ## - CATALOGING SOURCE |
| Original cataloging agency |
DNLM/DLC |
| Transcribing agency |
DLC |
| Modifying agency |
DLC |
| 042 ## - AUTHENTICATION CODE |
| Authentication code |
pcc |
| 050 00 - LIBRARY OF CONGRESS CALL NUMBER |
| Classification number |
RE551 |
| Item number |
.O28 2004 |
| 060 10 - NATIONAL LIBRARY OF MEDICINE CALL NUMBER |
| Classification number |
WW 270 |
| Item number |
O21 2004 |
| 082 00 - DEWEY DECIMAL CLASSIFICATION NUMBER |
| Classification number |
617.7350757 SCH |
| Edition number |
22 |
| 245 00 - TITLE STATEMENT |
| Title |
Optical coherence tomography of ocular diseases / |
| Statement of responsibility, etc. |
[edited by] Joel S. Schuman, Carmen A. Puliafito, James G. Fujimoto. |
| 250 ## - EDITION STATEMENT |
| Edition statement |
2nd ed. |
| 260 ## - PUBLICATION, DISTRIBUTION, ETC. |
| Place of publication, distribution, etc. |
Thorofare, NJ : |
| Name of publisher, distributor, etc. |
SLACK Inc., |
| Date of publication, distribution, etc. |
c2004. |
| 300 ## - PHYSICAL DESCRIPTION |
| Extent |
xii, 714 p. : |
| Other physical details |
ill. (chiefly col.) ; |
| Dimensions |
29 cm. |
| 504 ## - BIBLIOGRAPHY, ETC. NOTE |
| Bibliography, etc. note |
Includes bibliographical references and index. |
| 505 0# - FORMATTED CONTENTS NOTE |
| Formatted contents note |
Principles of operation and technology / James G. Fujimoto ... [et al.] -- Interpretation of the optical coherence tomography image / Michael R. Hee ... [et al.] -- Vitreoretinal interface disorders / Elias C. Mavrofrides ... [et al.] -- Retinal vascular diseases / Vanessa Cruz-Villegas and Carmen A. Puliafito -- Diabetic retinopathy / Vanessa Cruz-Villegas and Harry W. Flynn Jr -- Central serous chorioretinopathy / Elias C. Mavrofrides and Carmen A. Puliafito -- Age-related macular degeneration / Natalia Villate, Philip J. Rosenfeld, and Elias C. Mavrofrides -- |
| 505 0# - FORMATTED CONTENTS NOTE |
| Formatted contents note |
Miscellaneous macular degenerations / Elias C. Mavrofrides and Carmen A. Puliafito -- Chorioretinal inflammation / Natalia Villate and Janet Davis -- Retinal dystrophies / Vanessa Cruz-Villegas and Carmen A. Puliafito -- Miscellaneous retinal diseases / Elias C. Mavrofrides, Vanessa Cruz-Villegas, and Carmen A. Puliafito -- Optical coherence tomography in glaucoma / Gadi Wollstein ... [et al.] -- Neuro-ophthalmology / Thomas R. Hedges III -- Corneal and anterior segment optical coherence tomography / David Huang ... [et al.]. |
| 650 #0 - SUBJECT ADDED ENTRY--TOPICAL TERM |
| Topical term or geographic name entry element |
Retina |
| General subdivision |
Tomography. |
| 650 #0 - SUBJECT ADDED ENTRY--TOPICAL TERM |
| Topical term or geographic name entry element |
Eye |
| General subdivision |
Tomography. |
| 650 12 - SUBJECT ADDED ENTRY--TOPICAL TERM |
| Topical term or geographic name entry element |
Retinal Diseases |
| General subdivision |
diagnosis. |
| 650 22 - SUBJECT ADDED ENTRY--TOPICAL TERM |
| Topical term or geographic name entry element |
Glaucoma |
| General subdivision |
diagnosis. |
| 650 22 - SUBJECT ADDED ENTRY--TOPICAL TERM |
| Topical term or geographic name entry element |
Tomography, Optical Coherence |
| General subdivision |
methods. |
| 650 #0 - SUBJECT ADDED ENTRY--TOPICAL TERM |
| Topical term or geographic name entry element |
Optical coherence tomography. |
| 700 1# - ADDED ENTRY--PERSONAL NAME |
| Personal name |
Schuman, Joel S. |
| 700 1# - ADDED ENTRY--PERSONAL NAME |
| Personal name |
Puliafito, Carmen A., |
| Dates associated with a name |
1951- |
| 700 1# - ADDED ENTRY--PERSONAL NAME |
| Personal name |
Fujimoto, James G. |
| 856 41 - ELECTRONIC LOCATION AND ACCESS |
| Materials specified |
Table of contents only |
| Uniform Resource Identifier |
<a href="http://www.loc.gov/catdir/toc/ecip0415/2004002675.html">http://www.loc.gov/catdir/toc/ecip0415/2004002675.html</a> |
| 856 42 - ELECTRONIC LOCATION AND ACCESS |
| Materials specified |
Book review (E-STREAMS) |
| Uniform Resource Identifier |
<a href="http://www.e-streams.com/es0712/es0712_3807.html">http://www.e-streams.com/es0712/es0712_3807.html</a> |
| 856 42 - ELECTRONIC LOCATION AND ACCESS |
| Materials specified |
Publisher description |
| Uniform Resource Identifier |
<a href="http://www.loc.gov/catdir/enhancements/fy0616/2004002675-d.html">http://www.loc.gov/catdir/enhancements/fy0616/2004002675-d.html</a> |
| 906 ## - LOCAL DATA ELEMENT F, LDF (RLIN) |
| a |
7 |
| b |
cbc |
| c |
orignew |
| d |
1 |
| e |
ecip |
| f |
20 |
| g |
y-gencatlg |
| 942 ## - ADDED ENTRY ELEMENTS (KOHA) |
| Source of classification or shelving scheme |
|
| Koha item type |
Book |